| 000 | 00892nam a22002777a 4500 | ||
|---|---|---|---|
| 003 | DO-SdBNP | ||
| 005 | 20180118103700.0 | ||
| 008 | 151201b 1994 sp xxu||||| |||| 00| 0 spa d | ||
| 020 | _a8423919110 | ||
| 040 |
_aBPMSU _bspa _cBPMSU |
||
| 092 |
_axxxxx _bxxxxx |
||
| 100 | 1 |
_aGala, Antonio, _d1936- |
|
| 245 | 1 | 0 |
_aLas cítaras colgadas de los árboles : _b¿Por qué corres Ulises? / _c Antonio Gala ; prólogo Enrique Llovet. |
| 250 | _a6ª ed. | ||
| 260 |
_aMadrid : _bEspasa Calpe, _c1994. |
||
| 300 |
_a212 p. : _bil. ; _c18 cm. |
||
| 490 | 1 |
_aAustral _v; 111 |
|
| 500 | _aIncluye datos biográficos del autor en la solapa de la contracubierta. | ||
| 700 | 1 | 2 |
_aLlovet, Enrique, _epról. |
| 740 | 0 | 2 | _a¿Por qué corres, Ulises? |
| 830 | 0 |
_aAustral _n; 111 |
|
| 910 | _a00260 | ||
| 942 |
_2ddc _cBK |
||
| 945 | _ainventariado, 2018 / dg | ||
| 956 |
_aLorenza Pérez _b10 |
||
| 999 |
_c8981 _d8981 |
||